Earth system science in the anthropocene (Record no. 25786)

MARC details
000 -LEADER
fixed length control field 00847nam a2200301Ia 4500
003 - CONTROL NUMBER IDENTIFIER
control field OSt
005 - DATE AND TIME OF LATEST TRANSACTION
control field 20220912145211.0
008 - FIXED-LENGTH DATA ELEMENTS--GENERAL INFORMATION
fixed length control field 220909b |||||||| |||| 00| 0 eng d
020 ## - INTERNATIONAL STANDARD BOOK NUMBER
International Standard Book Number 3540265880 (hbd)
037 ## - SOURCE OF ACQUISITION
Terms of availability Textual
040 ## - CATALOGING SOURCE
Original cataloging agency CSL
Language of cataloging eng
Transcribing agency CSL
041 ## - LANGUAGE CODE
Language code of text/sound track or separate title eng
100 ## - MAIN ENTRY--PERSONAL NAME
Personal name Ehlers Eckart Ed.
245 #0 - TITLE STATEMENT
Title Earth system science in the anthropocene
260 ## - PUBLICATION, DISTRIBUTION, ETC.
Place of publication, distribution, etc. Berlin
Name of publisher, distributor, etc. Springer-Verlag
Date of publication, distribution, etc. 2006
300 ## - PHYSICAL DESCRIPTION
Extent xv ,267p.
Dimensions cm.
500 ## - GENERAL NOTE
General note Includes bibliographical references; Index 263-267p
650 ## - SUBJECT ADDED ENTRY--TOPICAL TERM
Topical term or geographic name entry element Anthropocene
650 ## - SUBJECT ADDED ENTRY--TOPICAL TERM
Topical term or geographic name entry element Earth system
650 ## - SUBJECT ADDED ENTRY--TOPICAL TERM
Topical term or geographic name entry element Geology
700 ## - ADDED ENTRY--PERSONAL NAME
Personal name Krafft Thomas Ed.
942 ## - ADDED ENTRY ELEMENTS (KOHA)
Classification part H4130aY7, P6
Koha item type Textual
Source of classification or shelving scheme Colon Classification (CC)
Holdings
Withdrawn status Lost status Damaged status Not for loan Home library Current library Date acquired Total Checkouts Full call number Barcode Date last seen Price effective from Koha item type
        Central Science Library Central Science Library 2022-09-12   H4130aY7 P6 SL1378948 2022-09-12 2022-09-12 Textual
Copyright @ Delhi University Library System